00385nam a2200145Ia 4500008004100000082001000041100001700051245001100068260002000079630001100099730001100110942000900121999001900130952009000149100328s9999 xx 000 0 und d b16806 aGanther John aD. Day bHamish Hamilton aD. Day aD. Day cBOOK c511441d511438 00104070aRNVbRNVd2010-03-28l0pRNV-16806r2010-03-28 00:00:00w2010-03-28yBOOK